00663nam a2200241 a 4500001001300000003000900013005001700022008004100039020001000080082001600090100001400106245002100120260003000141300000900171500003500180505001400215650004000229700001400269902000800283942000700291952010800298999001500406nice12345678IN_TiNIC20260116011555.0050524s1929 lona grp 000 0 eng  ac10000a297.24bROB aRobson, J aChrist in Islam. aLondonbJohn Murrayc1929 a128p aincludes index and biblioraphy2 areference aJesus Christ-Islamic Interpretation1 aRobson, J bSRS cBK 00104070aHMIbHMId2008-05-06g100.00l1o297.24 ROBp1211r2018-10-09s2018-09-24w2026-01-16yARB c2693d2693